Καταμέτρηση με λατινικούς αριθμούς - 30 δευτερόλεπτα σπριντ - Statistics

General Stats
  • This quiz has been taken 116 times
  • The average score is 11 of 50
Answer Stats
# % Correct
I
99%
II
94%
III
90%
IV
84%
V
83%
VI
81%
VII
77%
VIII
75%
IX
58%
X
58%
XI
54%
XII
54%
XIII
46%
XIV
25%
XV
22%
XVI
22%
XVII
22%
XVIII
19%
XIX
10%
L
4%
XX
4%
XXI
3%
XXII
3%
XXIII
3%
XXIV
1%
XXV
1%
XL
0%
XLI
0%
XLII
0%
XLIII
0%
XLIV
0%
XLIX
0%
XLV
0%
XLVI
0%
XLVII
0%
XLVIII
0%
XXIX
0%
XXVI
0%
XXVII
0%
XXVIII
0%
XXX
0%
XXXI
0%
XXXII
0%
XXXIII
0%
XXXIV
0%
XXXIX
0%
XXXV
0%
XXXVI
0%
XXXVII
0%
XXXVIII
0%
No matching quizzes found
Score Distribution
Percent of People with Each Score
Percentile by Number Answered
Your Score History
You have not taken this quiz